01923nam a2200265Ia 4500001000600000003000900006008004100015040001300056040001300069041001300082100001400095100002900109240005900138240003500197245005500232245005400287250001100341260001100352260001600363260004900379300005700428500110900485650003201594650003101626E9357IT-RoPAU130308s9999 xx 000 0 und d aIT-RoPAU cIT-RoPAU aITALIANO aDery Mark gCodice Aut. SPICS: 49974 aESCAPE VELOCITY-CYBERCULTURE AT THE END OF THE CENTURY gCodice Tit. Orig. Spics: T3114 aVelocità di fuga - Cybercultura a fine millennio bVelocita' di fuga - Cybercultura a Fine Millennio a1a ed. aMILANO bFeltrinelli c1997 [1° Ed.:1997 - Ed.Ling.Originale:1996] a"366 p. (prefazione: no ; testo: 366 [pagine: 0-0])" aViaggio Elettrizzante nelle Cyberculture. Cyberdelia: Flashback Verso Il Futuro, Controcultura, Cyberia, Tecnopaganesimo. Metal Machine Music: Cyberpunk e I Sinth Rocker in pelle Nera: Elliott Sharp, Nine Inch Nails, Sesso Morte Dio e Tecnologia, Agitpop. Guerra dei Meccanici e Spettacolo dei Robot: Mark Pauline e un Teatro delle Crudeltà Heavy Metal, Chico Macmurtrie Verso una robotica Verde, Brett Goldstone e Alchimia nel Cassonetto dei Rifiuti, regno magico e Manicomio Pirotecnico. riti Meccanici: Body Art Cibernetica: Stelarc canta Il Corpo Obsoleto, D.A. Therrien e le Macchine per la Nuova Inquisizione. Robocopulazione: Sesso, Tecnologia, Macchine Sessuali, Riproduzione Meccanica, Costruiti per Il Piacere, Assistente per le Signore, Orgasmatic, Rapporti On Line, Sesso Nei Mud, Cybersesso, Rapporto Terminale. Politica cyborg del Corpo: Obsolescenza Corporea ed Esseri Postumani: futuro Morfato, Costruire una Donna, promesse dei Mostri, Trasgressioni, Inferno della Carne, peccato Originale, Arti Fantasma, Storie Innaturali, Rischidel Postumanesimo, Teologia del Seggiolino Eiettabile. aSAGGI SULLA MULTIMEDIALITA' eCodice materia Spics: 4257